000
00204nam a22000977a 4500
041
_a
eng
080
_a
80
100
_a
Adams, W. Royce
245
_a
Making Connections. Reading for Writers.
999
_c
282014
_d
282014
942
_c
BK